| 000 | 00985nac a22002531u 4500 | ||
|---|---|---|---|
| 010 | _a 95078999 | ||
| 020 | _a003010274X | ||
| 082 | 0 | 0 |
_a658 _bBOO |
| 090 |
_c6276 _d6276 |
||
| 100 | _aBoone, Louis E. | ||
| 245 | 1 | 0 |
_aContemporary business / _cLouis E. Boone, David L. Kurtz. |
| 250 | _a8th ed. | ||
| 260 |
_aFort Worth : _bDryden Press,1995 _cc1996. |
||
| 300 |
_a1 v. (various pagings) : _bcol. ill. ; _c29 cm. |
||
| 440 | 4 | _aThe Dryden Press series in management | |
| 500 | _aAlso available to supplement text: a multi media instructional resource package including manuals, videos, laser disk, software, test bank, transparencies and teaching notes, computer simulation game, etc. | ||
| 500 | _aDistributer: Al-Ahram. | ||
| 504 | _aIncludes bibliographical references and indexes. | ||
| 511 | _aCatalogued By:Mahitab. | ||
| 650 | 0 | _aManagement. | |
| 650 | 0 | _aBusiness. | |
| 700 | 1 | _aKurtz, David L. | |
| 942 |
_cBB _k658BOO |
||
| 999 |
_c6276 _d6276 |
||